| 000 | 00424nam a22001337a 4500 | ||
|---|---|---|---|
| 003 | SGT | ||
| 082 |
_a617.643 _bE14Y |
||
| 100 | _aNISHENDU, YADAV | ||
| 245 | _aEVALUATING AND COMPARING PERIODONTAL AND MICROBIAL PARAMETERS IN ORTHODONTICS PATIENTS WITH ELASTOMERIC MODULES AND SELF LIGATING BRACKETS | ||
| 260 |
_aDELHI NCR _bSGT UNIVERSITY GURUGRAM _c2014 |
||
| 300 | _a1-97 | ||
| 650 | _aORTHODONTICS | ||
| 942 |
_2ddc _cTH |
||
| 999 |
_c17439 _d17439 |
||